| 000 -CABECERA |
| campo de control de longitud fija |
00861nam a2200229 a 4500 |
| 001 - NÚMERO DE CONTROL |
| campo de control |
000023200 |
| 005 - FECHA Y HORA DE LA ÚLTIMA TRANSACCIÓN |
| campo de control |
20200120222057.0 |
| 008 - DATOS DE LONGITUD FIJA--INFORMACIÓN GENERAL |
| campo de control de longitud fija |
030804s1995 sp 0 er0 p spa d |
| 020 ## - NÚMERO INTERNACIONAL ESTÁNDAR DEL LIBRO |
| Número Internacional Estándar del Libro |
8437613710 |
| 090 ## - LOCALMENTE ASIGNADO TIPO-LC NÚMERO DE CLASIFICACIÓN (OCLC); NÚMERO DE CLASIFICACIÓN LOCAL (RLIN) |
| Número de clasificación (OCLC) (R) ; Numero de clasificación, CALL (RLIN) (NR) |
AP |
| Número cutter local (OCLC) ; Número de libro/Signatura topográfica íntegra, CALL (RLIN) |
DARa 1995 |
| 100 0# - ENTRADA PRINCIPAL--NOMBRE DE PERSONA |
| Nombre de persona |
Darío, Rubén |
| 245 10 - MENCIÓN DE TÍTULO |
| Título |
Azul... Cantos de vida y esperanza / |
| Mención de responsabilidad, etc. |
Rubén Darío; edición de José María Martínez. |
| 260 ## - PUBLICACIÓN, DISTRIBUCIÓN, ETC. |
| Lugar de publicación, distribución, etc. |
Madrid : |
| Nombre del editor, distribuidor, etc. |
Cátedra, |
| Fecha de publicación, distribución, etc. |
1995. |
| 300 ## - DESCRIPCIÓN FÍSICA |
| Extensión |
466 p. |
| 490 ## - MENCIÓN DE SERIE |
| Mención de serie |
Letras hispánicas |
| Designación de volumen o secuencia |
403 |
| 500 ## - NOTA GENERAL |
| Nota general |
Ej.1 de Marichuela donado por la Secretaría de Educación de Bogotá; Ej.1 de Biblioparque Funza: 8a. ed. de 2010; ISBN: 9788437613710 |
| 500 ## - NOTA GENERAL |
| Nota general |
Ej.1, 2 y 3 de Biblioteca de Mosquera 8a. ed. 2010, ISBN : 8437613710 |
| 650 14 - PUNTO DE ACCESO ADICIONAL DE MATERIA--TÉRMINO DE MATERIA |
| Término de materia o nombre geográfico como elemento de entrada |
Poesía nicaraguense |
| 650 24 - PUNTO DE ACCESO ADICIONAL DE MATERIA--TÉRMINO DE MATERIA |
| Término de materia o nombre geográfico como elemento de entrada |
Novela nicaragüense |
| 650 24 - PUNTO DE ACCESO ADICIONAL DE MATERIA--TÉRMINO DE MATERIA |
| Término de materia o nombre geográfico como elemento de entrada |
Literatura nicaraguense |
| 700 1# - PUNTO DE ACCESO ADICIONAL--NOMBRE DE PERSONA |
| Nombre de persona |
Martínez, José María, |
| Fechas asociadas al nombre |
1964- |
| Término indicativo de función/relación |
ed. |